<?xml version="1.0" encoding="UTF-8"?><?xml-stylesheet type="text/xsl" href="static/style.xsl"?><OAI-PMH xmlns="http://www.openarchives.org/OAI/2.0/" xmlns:xsi="http://www.w3.org/2001/XMLSchema-instance" xsi:schemaLocation="http://www.openarchives.org/OAI/2.0/ http://www.openarchives.org/OAI/2.0/OAI-PMH.xsd"><responseDate>2026-04-14T19:28:01Z</responseDate><request verb="GetRecord" identifier="oai:uvadoc.uva.es:10324/75962" metadataPrefix="marc">https://uvadoc.uva.es/oai/request</request><GetRecord><record><header><identifier>oai:uvadoc.uva.es:10324/75962</identifier><datestamp>2025-06-16T06:55:07Z</datestamp><setSpec>com_10324_38</setSpec><setSpec>col_10324_852</setSpec></header><metadata><record xmlns="http://www.loc.gov/MARC21/slim" xmlns:doc="http://www.lyncode.com/xoai" xmlns:xsi="http://www.w3.org/2001/XMLSchema-instance" xmlns:dcterms="http://purl.org/dc/terms/" xsi:schemaLocation="http://www.loc.gov/MARC21/slim http://www.loc.gov/standards/marcxml/schema/MARC21slim.xsd">
<leader>00925njm 22002777a 4500</leader>
<datafield tag="042" ind1=" " ind2=" ">
<subfield code="a">dc</subfield>
</datafield>
<datafield tag="720" ind1=" " ind2=" ">
<subfield code="a">López Gago, María</subfield>
<subfield code="e">author</subfield>
</datafield>
<datafield tag="260" ind1=" " ind2=" ">
<subfield code="c">2024</subfield>
</datafield>
<datafield tag="520" ind1=" " ind2=" ">
<subfield code="a">La justicia transicional es un instrumento crucial para la resolución de conflictos y la construcción de paz, ya que busca reconciliar a las partes involucradas y garantizar la no repetición de las violaciones de derechos humanos.&#xd;
Este trabajo se va a centrar en la justicia transicional en España y Colombia, destacando las similitudes y diferencias en cómo se abordan los procesos de reconciliación y justicia en ambos países. En España, se enfoca en la justicia transicional como un proceso que busca reconciliar a las partes involucradas en conflictos y garantizar la no repetición de atrocidades cometidas en el contexto de la Guerra Civil y en la dictadura de Francisco Franco. En Colombia, se examina cómo la justicia transicional se ha implementado en el contexto del conflicto armado y cómo se han establecido mecanismos para la verdad, justicia y reparación</subfield>
</datafield>
<datafield tag="024" ind2=" " ind1="8">
<subfield code="a">https://uvadoc.uva.es/handle/10324/75962</subfield>
</datafield>
<datafield tag="245" ind1="0" ind2="0">
<subfield code="a">Comparativa de la justicia transicional entre España y Colombia</subfield>
</datafield>
</record></metadata></record></GetRecord></OAI-PMH>